000 00820 a2200217 4500
008 240605b mp ||||| |||| 00| 0 mon d
035 _a6820
040 _aHE0623081
_bmon
_cMN-UlNLM
_dMN-UlNLM
_erda
041 _amon
042 _a12263
084 _2NNA
_a82.3(3)
_bН.329
100 _aКаюм Насыри
245 0 _aИб Н Сины тухай домог
264 _aУБ.
_bМонсудар
_c2001
300 _a79х.
336 _2rdacontent
_atext
_btxt
337 _2rdamedia
_aunmediated
_bn
338 _2rdacarrier
_avolume
_bnc
650 _aДорныхон буюу Абу Али Сина буюу Ибн Сина, харин Европт бол Авиценна нэрээр алдаршиж агсан тэр хүний бүтэн нэр нь Абу Али Хусейн ...
942 _2NNA
_cBK
999 _c879084
_d879141